<?xml version="1.0" encoding="UTF-8"?>
<collection xmlns:xsi="http://www.w3.org/2001/XMLSchema-instance" xsi:schemaLocation="http://www.loc.gov/MARC21/slim http://www.loc.gov/standards/marcxml/schema/MARC21slim.xsd" xmlns="http://www.loc.gov/MARC21/slim">
 <record>
  <leader>00000nam a2200000 i 4500</leader>
  <controlfield tag="001">UP-1685675941131678292</controlfield>
  <controlfield tag="003">Buklod</controlfield>
  <controlfield tag="005">20240309090809.0</controlfield>
  <controlfield tag="006">m    |o  d |      </controlfield>
  <controlfield tag="007">cr |||||||||||</controlfield>
  <controlfield tag="008">240309s2023    enk   agr   b|001 0|eng d</controlfield>
  <datafield tag="020" ind1=" " ind2=" ">
   <subfield code="a">9781800413375 (paperback)</subfield>
  </datafield>
  <datafield tag="035" ind1=" " ind2=" ">
   <subfield code="a">22876432</subfield>
  </datafield>
  <datafield tag="040" ind1=" " ind2=" ">
   <subfield code="a">DLC</subfield>
   <subfield code="d">DMLS</subfield>
   <subfield code="e">rda</subfield>
  </datafield>
  <datafield tag="041" ind1=" " ind2=" ">
   <subfield code="a">eng</subfield>
  </datafield>
  <datafield tag="042" ind1=" " ind2=" ">
   <subfield code="a">DMLUC</subfield>
  </datafield>
  <datafield tag="090" ind1=" " ind2=" ">
   <subfield code="a">P 115.45</subfield>
   <subfield code="b">M86 2023</subfield>
  </datafield>
  <datafield tag="245" ind1="0" ind2="0">
   <subfield code="a">Multimodality and multilingualism</subfield>
   <subfield code="b">towards an integrative approach</subfield>
   <subfield code="c">edited by Steph Ainsworth, Dominic Griffiths, Gee Macrory and Kate Pahl.</subfield>
  </datafield>
  <datafield tag="264" ind1=" " ind2="1">
   <subfield code="a">Bristol</subfield>
   <subfield code="b">Multilingual Matters</subfield>
   <subfield code="c">[2023]</subfield>
  </datafield>
  <datafield tag="264" ind1=" " ind2="4">
   <subfield code="c">©2023</subfield>
  </datafield>
  <datafield tag="300" ind1=" " ind2=" ">
   <subfield code="a">xxii, 240 pages</subfield>
   <subfield code="b">illustrations</subfield>
   <subfield code="c">24 cm</subfield>
  </datafield>
  <datafield tag="336" ind1=" " ind2=" ">
   <subfield code="a">text</subfield>
   <subfield code="2">rdacontent</subfield>
  </datafield>
  <datafield tag="337" ind1=" " ind2=" ">
   <subfield code="a">unmediated</subfield>
   <subfield code="2">rdamedia</subfield>
  </datafield>
  <datafield tag="338" ind1=" " ind2=" ">
   <subfield code="a">volume</subfield>
   <subfield code="2">rdacarrier</subfield>
  </datafield>
  <datafield tag="504" ind1=" " ind2=" ">
   <subfield code="a">Includes bibliographical references and index.</subfield>
  </datafield>
  <datafield tag="505" ind1="0" ind2=" ">
   <subfield code="a">Introduction: book scope and rationale / Steph Ainsworth, Dominic Griffiths, Gee Macrory &amp; Kate Pahl -- Multilingual approaches. Introduction to part 1 / Vally Lytra -- Heritage language speakers' responses to plurilingual pedagogies in a secondary school context / Sophie Liggins -- The development of the linguistic repertoire of primary school learners within the Mauritian Educational System / Yesha Devi Mahadeo-Doorgakan -- &quot;What's in the name?&quot; - International student names and impacts on participation and belonging in UK university theatre societies / Pryanki Ghosh -- &quot;So you need to be able to tell it well&quot;- On footing and genre in lawyer-client consultations in the field of asylum law / Marie Jacobs -- Multimodal approaches. Introduction to part 2 / Jennifer Rowsell -- Applying linguistics to the theatre production process / Kelli Zezulka -- &quot;A special closeness&quot;, &quot;des moments de tendresse indescriptibles&quot; - a multimodal critique of infant feeding health promotional discourse in Ireland and France / Ornaith Rodgers -- Expressing reading engagement within drama-based literary work - perspectives from three students in a linguistically diverse classroom in Sweden / Christina Hedman, Ewa Jacquet, Eva Nilsson &amp; Katarina Rejman -- Conversation through art / Jessica Bradley &amp; Louise Atkinson -- Integrating multimodal and multilingual approaches. Introduction to part 3 / Gabrielle Budach -- Meaning matters: multimodality, (new) materialism and co-production in applied linguistics / Kate Pahl -- Peer to peer multiliteracies: a new concept of accessibility / Julia Gillen, Uta Papen, Ulrike Zeshan &amp; Sibaji Panda -- Concluding thoughts: Labouring together towards generous cuts in language and literacy education / Khawla Badwan.</subfield>
  </datafield>
  <datafield tag="520" ind1=" " ind2=" ">
   <subfield code="a">&quot;This book explores the ways in which multimodality and multilingualism as areas of study intersect and provides empirical examples of how this looks in practice from a wide range of settings. It argues that the everyday practices of multilingual communities are multimodal in nature&quot;--</subfield>
   <subfield code="c">Provided by publisher.</subfield>
  </datafield>
  <datafield tag="650" ind1=" " ind2="0">
   <subfield code="a">Modality (Linguistics)</subfield>
  </datafield>
  <datafield tag="650" ind1=" " ind2="0">
   <subfield code="a">Multilingualism</subfield>
   <subfield code="x">Social aspects.</subfield>
  </datafield>
  <datafield tag="655" ind1=" " ind2="7">
   <subfield code="a">Essays.</subfield>
   <subfield code="2">lcgft.</subfield>
  </datafield>
  <datafield tag="700" ind1="1" ind2=" ">
   <subfield code="a">Griffiths, Dominic</subfield>
   <subfield code="e">editor.</subfield>
  </datafield>
  <datafield tag="700" ind1="1" ind2=" ">
   <subfield code="a">Pahl, Kate</subfield>
   <subfield code="e">editor.</subfield>
  </datafield>
  <datafield tag="700" ind1="1" ind2=" ">
   <subfield code="a">Ainsworth, Steph</subfield>
   <subfield code="d">1978-</subfield>
   <subfield code="e">editor.</subfield>
  </datafield>
  <datafield tag="700" ind1="1" ind2=" ">
   <subfield code="a">Macrory, Gee</subfield>
   <subfield code="d">1954-</subfield>
   <subfield code="e">editor.</subfield>
  </datafield>
  <datafield tag="905" ind1=" " ind2=" ">
   <subfield code="a">FO</subfield>
  </datafield>
  <datafield tag="852" ind1="0" ind2=" ">
   <subfield code="a">UPD</subfield>
   <subfield code="b">DMLS</subfield>
   <subfield code="h">P 115.45</subfield>
   <subfield code="i">M86 2023</subfield>
  </datafield>
  <datafield tag="942" ind1=" " ind2=" ">
   <subfield code="a">Book</subfield>
  </datafield>
 </record>
</collection>
